000 00568nam a2200193Ia 4500
005 20260114185630.0
008 008 260114s9999 xx 000 0 eng d
020 _a9781474296212
037 _aEBOOK
040 _aCRL
_beng
_cCRL
041 _aeng
_2eng
084 _qCRL
100 _aDavid Hitchcock
_9872451
245 0 _aVagrancy in English Culture and Society, 1650-1750
260 _bBloomsbury
_c2016
856 _uhttps://doi.org/10.5040/9781474296212?locatt=label:secondary_bloomsburyCollections
942 _cEBOOK
999 _c1471399
_d1471399